000 00354nam a2200157Ia 4500
003 OSt
005 20231204110045.0
008 170524s9999 xx 000 0 und d
020 _a9788120329980
040 _cIIMT UNIVERSITY
100 _aComer Douglas E
245 0 _aTCP/IP Principle- Protocols
260 _bPHI
260 _c2007
942 _2ddc
_c02
999 _c4979
_d4979